Entry Personal Name
Number of records used in: 1
001 - CONTROL NUMBER
003 - CONTROL NUMBER IDENTIFIER
005 - DATE AND TIME OF LATEST TRANSACTION
- control field:
20200104114913.0
008 - FIXED-LENGTH DATA ELEMENTS
- fixed length control field:
981112n| azannaab |a aaa
010 ## - LIBRARY OF CONGRESS CONTROL NUMBER
- LC control number:
no 98122878
035 ## - SYSTEM CONTROL NUMBER
- System control number:
(OCoLC)oca04858838
040 ## - CATALOGING SOURCE
- Original cataloging agency:
DLC-ON
- Language of cataloging:
eng
- Description conventions:
rda
- Transcribing agency:
DLC-ON
- Modifying agency:
DLC
046 ## - SPECIAL CODED DATES
100 1# - HEADING--PERSONAL NAME
- Personal name:
Ghosh, Ratna,
- Dates associated with a name:
1959-
370 ## - ASSOCIATED PLACE
- Associated country:
India
372 ## - FIELD OF ACTIVITY
- Field of activity:
History
- Source of term:
lcsh
373 ## - ASSOCIATED GROUP
- Associated group:
Bhatter College. Department of History
374 ## - OCCUPATION
- Occupation:
Women history teachers
- Occupation:
Women college teachers
- Source of term:
lcsh
375 ## - GENDER
377 ## - ASSOCIATED LANGUAGE
400 0# - SEE FROM TRACING--PERSONAL NAME
- Personal name:
Ratna Ghosh,
- Dates associated with a name:
1959-
670 ## - SOURCE DATA FOUND
- Source citation:
Panchayat system in India, 1999:
- Information found:
t.p. (Ratna Ghosh) jkt. (b. 1959; M.A., modern hist., Calcutta U., teaching in the Deptt. of Hist., Bhatter Coll., Dantan, Midnapore)